000
00315nam a2200121Ia 4500
005
20251222144652.0
008
251222s9999||||xx |||||||||||||| ||spa||
082
_a
868.6/D88
100
_a
DomÃnguez Tavira, Manuel
245
0
_a
Los CanÃbales
264
_b
Caja de Ahorros Provinciales de Valladolid
942
_c
LIB
999
_c
17087
_d
17087